[Event "POL-chT rapid"]
[Site "Zgierz"]
[Date "2018.03.03"]
[Round "9.24"]
[White "Tracz, Marcelina"]
[Black "Kubicka, Anna"]
[Result "1-0"]
[WhiteElo "1809"]
[BlackElo "2235"]
[PlyCount "29"]
[EventDate "2018.03.03"]
[EventType "team-swiss (rapid)"]
[EventRounds "9"]
[EventCountry "POL"]
[SourceTitle "CBM 183 Extra"]
[Source "ChessBase"]
[SourceDate "2018.04.19"]
[SourceVersion "1"]
[SourceVersionDate "2018.04.19"]
[SourceQuality "1"]
[WhiteTeam "Wieliczka MKS MOS"]
[BlackTeam "Dabrowa Gornicza Zaglebie"]
[WhiteTeamCountry "POL"]
[BlackTeamCountry "POL"]

1. c4 e5 2. Nc3 Nf6 3. g3 d5 4. cxd5 Nxd5 5. Bg2 Nb6 6. e3 h5 7. d4 exd4 8. exd4 h4 9. Nge2 h3 10. Bf3 Qf6 11. Qd3 Nc6 12. Bf4 Bf5 13. Be4 Nb4 14. Qb5+ c6 15. Qxf5 1-0

[Event "POL-chT U26 rapid"]
[Site "Hucisko"]
[Date "2016.01.17"]
[Round "9.11"]
[White "Tracz, Marcelina"]
[Black "Wiewiora, Eneasz"]
[Result "0-1"]
[WhiteElo "1825"]
[BlackElo "2294"]
[PlyCount "90"]
[EventDate "2016.01.16"]
[EventType "team-swiss (rapid)"]
[EventRounds "9"]
[EventCountry "POL"]
[SourceTitle "CBM 170 Extra"]
[Source "ChessBase"]
[SourceDate "2016.02.25"]
[SourceVersion "1"]
[SourceVersionDate "2016.02.25"]
[SourceQuality "1"]
[WhiteTeam "Krakow UEK"]
[BlackTeam "Katowice UE"]
[WhiteTeamCountry "POL"]
[BlackTeamCountry "POL"]

1. e4 d6 2. d4 Nf6 3. Nc3 e5 4. Nf3 Nbd7 5. g3 Be7 6. Bg2 0-0 7. 0-0 c6 8. Be3 Re8 9. Nd2 b5 10. a3 a5 11. d5 cxd5 12. exd5 Ba6 13. Re1 Nb6 14. Bxb6 Qxb6 15. Nde4 Nd7 16. Qg4 Nf8 17. h4 b4 18. axb4 axb4 19. Nd1 Ra7 20. Ne3 Bc8 21. Nf5 Bxf5 22. Qxf5 g6 23. Nf6+ Bxf6 24. Qxf6 Rc7 25. h5 Nd7 26. Qg5 Rxc2 27. Rf1 Qd8 28. Qg4 Nc5 29. Qxb4 Qb8 30. Qh4 Qd8 31. Qxd8 Rxd8 32. b4 Nd7 33. h6 f5 34. Ra6 Nf6 35. b5 Kf7 36. Ra7+ Rd7 37. Ra6 Rb2 38. Rb6 e4 39. Rc1 Nxd5 40. Rb8 Ne7 41. b6 d5 42. Ra1 d4 43. Raa8 d3 44. Bf1 Rb1 45. Ra2 d2 0-1

[Event "POL-chT 2nd League"]
[Site "Szczyrk"]
[Date "2014.09.06"]
[Round "1.24"]
[White "Tracz, Marcelina"]
[Black "Zmarzly, Aleksandra"]
[Result "0-1"]
[WhiteElo "1782"]
[BlackElo "1990"]
[PlyCount "62"]
[EventDate "2014.09.06"]
[EventType "team-swiss"]
[EventRounds "9"]
[EventCountry "POL"]
[SourceTitle "EXT 2015"]
[Source "ChessBase"]
[SourceDate "2014.11.20"]
[SourceVersion "1"]
[SourceVersionDate "2014.11.20"]
[SourceQuality "1"]
[WhiteTeam "Wieliczka MKS MOS"]
[BlackTeam "Wisznia Mala OKSiR"]
[WhiteTeamCountry "POL"]
[BlackTeamCountry "POL"]

1. e4 c5 2. Nf3 d6 3. d4 cxd4 4. Nxd4 Nf6 5. Nc3 a6 6. Be2 e6 7. a4 Nc6 8. 0-0 Be7 9. Be3 0-0 10. f4 Qc7 11. Qe1 Re8 12. Nb3 b6 13. Qf2 Rb8 14. h3 Nb4 15. Bd3 Nd7 16. Bd4 Bf8 17. e5 Nxd3 18. cxd3 Nc5 19. exd6 Bxd6 20. Nxc5 bxc5 21. Be5 Bb7 22. Bxd6 Qxd6 23. Ne4 Bxe4 24. dxe4 Qd4 25. Rab1 Qxe4 26. Qxc5 Rec8 27. Qa7 Qxa4 28. Ra1 Qe4 29. Kh1 Rxb2 30. Rg1 Rc3 31. Kh2 Qxf4+ 0-1

[Event "POL-chT U19 2nd League"]
[Site "Szczyrk"]
[Date "2014.08.02"]
[Round "11.23"]
[White "Tracz, Marcelina"]
[Black "Momot, Weronika"]
[Result "1/2-1/2"]
[WhiteElo "1760"]
[BlackElo "1479"]
[PlyCount "73"]
[EventDate "2014.07.25"]
[EventType "team-swiss"]
[EventRounds "11"]
[EventCountry "POL"]
[SourceTitle "EXT 2015"]
[Source "ChessBase"]
[SourceDate "2014.11.20"]
[SourceVersion "1"]
[SourceVersionDate "2014.11.20"]
[SourceQuality "1"]
[WhiteTeam "Wieliczka MKS MOS U19"]
[BlackTeam "Konin UKS Smecz U19"]
[WhiteTeamCountry "POL"]
[BlackTeamCountry "POL"]

1. e4 e6 2. d4 d5 3. Nc3 Nf6 4. Bg5 Bb4 5. e5 h6 6. Bd2 Bxc3 7. bxc3 Ne4 8. Bd3 Nxd2 9. Qxd2 c5 10. f4 Nc6 11. Nf3 Qa5 12. dxc5 Qxc5 13. Nd4 Bd7 14. Be2 a6 15. a4 Rc8 16. Nb3 Qa7 17. Nd4 Qc5 18. Rb1 Nxd4 19. Qxd4 b5 20. axb5 Bxb5 21. Bxb5+ axb5 22. Kd2 0-0 23. Rb4 Qxd4+ 24. cxd4 Rc4 25. Rhb1 Rfc8 26. R1b2 Kh7 27. Kd3 Rc3+ 28. Kd2 R3c4 29. Kd3 Rc3+ 30. Kd2 R3c4 31. Kd3 Rc3+ 32. Kd2 R3c4 33. Kd3 Rc3+ 34. Kd2 R3c4 35. Kd3 Rc3+ 36. Kd2 R3c4 37. Kd3 1/2-1/2

[Event "POL-chT U19 2nd League"]
[Site "Szczyrk"]
[Date "2014.08.01"]
[Round "10.23"]
[White "Kopica, Paulina"]
[Black "Tracz, Marcelina"]
[Result "0-1"]
[WhiteElo "1697"]
[BlackElo "1760"]
[PlyCount "94"]
[EventDate "2014.07.25"]
[EventType "team-swiss"]
[EventRounds "11"]
[EventCountry "POL"]
[SourceTitle "EXT 2015"]
[Source "ChessBase"]
[SourceDate "2014.11.20"]
[SourceVersion "1"]
[SourceVersionDate "2014.11.20"]
[SourceQuality "1"]
[WhiteTeam "Opole Rodlo U19 II"]
[BlackTeam "Wieliczka MKS MOS U19"]
[WhiteTeamCountry "POL"]
[BlackTeamCountry "POL"]

1. e4 e5 2. d4 exd4 3. Nf3 Nc6 4. Bc4 Nf6 5. e5 d5 6. Bb5 Ne4 7. Nxd4 Bd7 8. Bxc6 bxc6 9. 0-0 Bc5 10. f3 Ng5 11. f4 Ne4 12. Be3 Qe7 13. Nd2 Nxd2 14. Qxd2 0-0 15. Nb3 Bxe3+ 16. Qxe3 f6 17. Qc5 Rfe8 18. Qxe7 Rxe7 19. exf6 gxf6 20. Rfe1 Kf7 21. Nc5 Rb8 22. b3 Rb5 23. Na6 Ra5 24. Nb4 Rc5 25. Rxe7+ Kxe7 26. Rc1 Rc3 27. Re1+ Kd6 28. Re2 Bf5 29. Rd2 a5 30. Nd3 Bxd3 31. cxd3 Kc5 32. Kf2 Kd4 33. Ke2 Rc1 34. g4 h6 35. Kf3 Rf1+ 36. Kg3 Ke3 37. Rc2 Rf3+ 38. Kh4 Rxf4 39. Rxc6 Kxd3 40. Rc5 d4 41. Rxa5 Ke3 42. Rd5 d3 43. Kg3 Rd4 44. Rf5 d2 45. Rf3+ Ke4 46. Rf4+ Ke5 47. Rf5+ Ke6 0-1

[Event "POL-chT U19 2nd League"]
[Site "Szczyrk"]
[Date "2014.07.31"]
[Round "9.5"]
[White "Tracz, Marcelina"]
[Black "Bilczewska, Olga"]
[Result "1-0"]
[WhiteElo "1760"]
[BlackElo "1268"]
[PlyCount "49"]
[EventDate "2014.07.25"]
[EventType "team-swiss"]
[EventRounds "11"]
[EventCountry "POL"]
[SourceTitle "EXT 2015"]
[Source "ChessBase"]
[SourceDate "2014.11.20"]
[SourceVersion "1"]
[SourceVersionDate "2014.11.20"]
[SourceQuality "1"]
[WhiteTeam "Wieliczka MKS MOS U19"]
[BlackTeam "Rydultowy Ognisko U19"]
[WhiteTeamCountry "POL"]
[BlackTeamCountry "POL"]

1. e4 e5 2. Nf3 Nc6 3. Bb5 Bc5 4. 0-0 Nf6 5. d3 d6 6. Be3 Bb6 7. Nbd2 0-0 8. c3 Bg4 9. h3 Be6 10. Re1 Ne7 11. d4 exd4 12. cxd4 c6 13. Bd3 d5 14. e5 Nd7 15. Ng5 h6 16. Nxe6 fxe6 17. Qg4 Nf5 18. Nf3 Kh8 19. Qg6 Qe7 20. g4 c5 21. gxf5 cxd4 22. fxe6 Nf6 23. exf6 gxf6 24. Qxh6+ Kg8 25. Kh1 1-0

[Event "POL-chT U19 2nd League"]
[Site "Szczyrk"]
[Date "2014.07.28"]
[Round "6.11"]
[White "Tracz, Marcelina"]
[Black "Gudelajtis, Anna"]
[Result "1-0"]
[WhiteElo "1760"]
[BlackElo "1507"]
[PlyCount "95"]
[EventDate "2014.07.25"]
[EventType "team-swiss"]
[EventRounds "11"]
[EventCountry "POL"]
[SourceTitle "EXT 2015"]
[Source "ChessBase"]
[SourceDate "2014.11.20"]
[SourceVersion "1"]
[SourceVersionDate "2014.11.20"]
[SourceQuality "1"]
[WhiteTeam "Wieliczka MKS MOS U19"]
[BlackTeam "Kalisz KTS U19"]
[WhiteTeamCountry "POL"]
[BlackTeamCountry "POL"]

1. e4 d5 2. exd5 Qxd5 3. Nc3 Qd6 4. d4 Nf6 5. Bd3 c6 6. Nge2 Bg4 7. f3 Bh5 8. Bf4 Qd8 9. 0-0 e6 10. Ne4 Nd5 11. Qd2 Nxf4 12. Qxf4 Be7 13. Qe5 Bg6 14. Qxg7 Rf8 15. Qe5 Nd7 16. Qg3 Nf6 17. c3 Qd7 18. Nxf6+ Bxf6 19. Bxg6 hxg6 20. Qf4 Be7 21. b4 0-0-0 22. a4 Bd6 23. Qe3 Rh8 24. g3 Rh5 25. Nf4 Rh7 26. b5 Rdh8 27. Rf2 Qc7 28. bxc6 Qxc6 29. Rg2 Qc4 30. Qe4 Kc7 31. Rb1 Qc6 32. Rgb2 b6 33. a5 Rb8 34. axb6+ axb6 35. Ra1 Rhh8 36. Kg2 Rb7 37. d5 exd5 38. Nxd5+ Kd7 39. Nxb6+ Rxb6 40. Ra7+ Kc8 41. Ra8+ Bb8 42. Qxc6+ Rxc6 43. Raxb8+ Kd7 44. Rxh8 Rxc3 45. Re2 Rc7 46. Rhe8 Kd6 47. Rd8+ Kc6 48. Rc2+ 1-0

[Event "POL-chT U19 2nd League"]
[Site "Szczyrk"]
[Date "2014.07.26"]
[Round "3.17"]
[White "Glapa, Anna"]
[Black "Tracz, Marcelina"]
[Result "1/2-1/2"]
[WhiteElo "1680"]
[BlackElo "1760"]
[PlyCount "84"]
[EventDate "2014.07.25"]
[EventType "team-swiss"]
[EventRounds "11"]
[EventCountry "POL"]
[SourceTitle "EXT 2015"]
[Source "ChessBase"]
[SourceDate "2014.11.20"]
[SourceVersion "1"]
[SourceVersionDate "2014.11.20"]
[SourceQuality "1"]
[WhiteTeam "Leszno Wieniawa U19"]
[BlackTeam "Wieliczka MKS MOS U19"]
[WhiteTeamCountry "POL"]
[BlackTeamCountry "POL"]

1. e4 e5 2. Nf3 Nc6 3. Nc3 Nf6 4. Bb5 d6 5. d4 exd4 6. Nxd4 Bd7 7. Bxc6 bxc6 8. Qf3 c5 9. Nf5 Bxf5 10. exf5 Rb8 11. b3 Be7 12. g4 Nd7 13. Bf4 Bf6 14. 0-0-0 Bxc3 15. Qxc3 Qf6 16. Rhe1+ Kd8 17. Qxf6+ gxf6 18. Re3 Rg8 19. Rde1 Ne5 20. h3 Kd7 21. Bg3 Rbe8 22. Bh4 Nf3 23. Rxe8 Rxe8 24. Rxe8 Kxe8 25. Bxf6 d5 26. Kd1 Kd7 27. h4 Nh2 28. g5 Ng4 29. Bg7 Nxf2+ 30. Ke2 Ne4 31. Kd3 Ng3 32. f6 a6 33. Kc3 Ne4+ 34. Kb2 Kc6 35. Bh6 Ng3 36. Bf8 Ne4 37. Be7 d4 38. Bd8 Kd7 39. Be7 Kc6 40. Kc1 Kd5 41. Bd8 c6 42. Bc7 Ke6 1/2-1/2

[Event "POL-chT U19 2nd League"]
[Site "Szczyrk"]
[Date "2014.07.25"]
[Round "1.47"]
[White "Kotula, Magdalena"]
[Black "Tracz, Marcelina"]
[Result "0-1"]
[WhiteElo "1613"]
[BlackElo "1760"]
[PlyCount "74"]
[EventDate "2014.07.25"]
[EventType "team-swiss"]
[EventRounds "11"]
[EventCountry "POL"]
[SourceTitle "EXT 2015"]
[Source "ChessBase"]
[SourceDate "2014.11.20"]
[SourceVersion "1"]
[SourceVersionDate "2014.11.20"]
[SourceQuality "1"]
[WhiteTeam "Chorzow ChTS U19"]
[BlackTeam "Wieliczka MKS MOS U19"]
[WhiteTeamCountry "POL"]
[BlackTeamCountry "POL"]

1. e4 e5 2. Nf3 Nc6 3. Bb5 a6 4. Ba4 Nf6 5. d4 exd4 6. 0-0 Be7 7. Re1 b5 8. Bb3 0-0 9. e5 Ne8 10. Bf4 Na5 11. Bd5 c6 12. Be4 d5 13. exd6 Nxd6 14. Bd3 Nac4 15. b3 Nb2 16. Qc1 Nxd3 17. cxd3 Bb7 18. Nxd4 Bf6 19. Be5 Bxe5 20. Rxe5 Qf6 21. Qc5 Rfe8 22. Re3 Nf5 23. Nc2 Nxe3 24. fxe3 Re5 25. Qb6 Rf5 26. Nd2 Qe7 27. Ne4 Rd8 28. Nd4 Rfd5 29. Re1 c5 30. Nf3 f5 31. Nf2 R5d6 32. Qxc5 Bxf3 33. Qxf5 Rf8 34. Qh3 Rg6 35. g3 Qb4 36. Rc1 Qd2 37. Rc7 Qxe3 0-1

[Event "Krakow Malopolski-chB"]
[Site "Krakow"]
[Date "2014.05.03"]
[Round "7"]
[White "Tracz, Marcelina"]
[Black "Kepowicz, Artur"]
[Result "1-0"]
[WhiteElo "1769"]
[BlackElo "1775"]
[PlyCount "34"]
[EventDate "2014.04.27"]
[EventType "swiss"]
[EventRounds "9"]
[EventCountry "POL"]
[SourceTitle "CBM 160 Extra"]
[Source "ChessBase"]
[SourceDate "2014.07.01"]
[SourceVersion "1"]
[SourceVersionDate "2014.07.01"]
[SourceQuality "1"]

1. e4 c5 2. Nf3 d6 3. d4 cxd4 4. Nxd4 Nc6 5. Nc3 Nf6 6. Bg5 e6 7. f4 Be7 8. Bb5 Bd7 9. Bxc6 bxc6 10. Qd3 d5 11. e5 Ng8 12. Bxe7 Nxe7 13. g4 h6 14. Nb3 0-0 15. Nc5 Bc8 16. 0-0-0 Qb6 17. N3a4 Qb5 1-0

[Event "Krakow Malopolski-chB"]
[Site "Krakow"]
[Date "2014.05.01"]
[Round "5"]
[White "Tracz, Marcelina"]
[Black "Stanuch, Marcin"]
[Result "1/2-1/2"]
[WhiteElo "1769"]
[BlackElo "1605"]
[PlyCount "96"]
[EventDate "2014.04.27"]
[EventType "swiss"]
[EventRounds "9"]
[EventCountry "POL"]
[SourceTitle "CBM 160 Extra"]
[Source "ChessBase"]
[SourceDate "2014.07.01"]
[SourceVersion "1"]
[SourceVersionDate "2014.07.01"]
[SourceQuality "1"]

1. e4 c5 2. Nf3 d6 3. d4 cxd4 4. Nxd4 Nf6 5. Nc3 a6 6. a4 e5 7. Nb3 Be7 8. Be2 Be6 9. 0-0 Qc7 10. Be3 Nbd7 11. a5 Rc8 12. Bf3 0-0 13. Qd2 Rfe8 14. Rfc1 Nc5 15. Nxc5 dxc5 16. Qe2 h6 17. g3 Rcd8 18. Bg2 Bd6 19. Rd1 Qc8 20. Nd5 Nxd5 21. exd5 Bg4 22. f3 Bf5 23. c4 Qd7 24. Qf2 Rc8 25. Ra3 Qe7 26. Re1 Qd7 27. Bd2 Qc7 28. Rb3 Qd7 29. Ra3 Qc7 30. Rae3 Qd7 31. Bc3 Rcd8 32. Bxe5 Bxe5 33. Rxe5 Rxe5 34. Rxe5 Bg6 35. Qe2 Qa4 36. Re7 Qb3 37. Bf1 b6 38. Rb7 Rd6 39. Rxb6 Rxb6 40. axb6 Qxb6 41. Qe8+ Kh7 42. Qc6 Qxc6 43. dxc6 Bf5 44. Kf2 Kg8 45. c7 Bc8 46. Bh3 f5 47. Ke3 Kf7 48. g4 g6 1/2-1/2

[Event "Krakow Malopolski-chB"]
[Site "Krakow"]
[Date "2014.04.28"]
[Round "2"]
[White "Golenia, Wojciech"]
[Black "Tracz, Marcelina"]
[Result "1/2-1/2"]
[WhiteElo "1580"]
[BlackElo "1769"]
[PlyCount "66"]
[EventDate "2014.04.27"]
[EventType "swiss"]
[EventRounds "9"]
[EventCountry "POL"]
[SourceTitle "CBM 160 Extra"]
[Source "ChessBase"]
[SourceDate "2014.07.01"]
[SourceVersion "1"]
[SourceVersionDate "2014.07.01"]
[SourceQuality "1"]

1. Nf3 Nf6 2. d4 g6 3. Bf4 Bg7 4. Nbd2 d6 5. c3 0-0 6. e4 Nh5 7. Bg3 Nd7 8. Bc4 Nxg3 9. hxg3 e6 10. Qb3 Qe7 11. 0-0-0 c5 12. Rh2 a6 13. Rdh1 h6 14. dxc5 Nxc5 15. Qb6 Qd8 16. Qxd8 Rxd8 17. Kc2 b5 18. Bb3 Bb7 19. Re1 Rac8 20. a3 d5 21. e5 Nd7 22. Kb1 Rc5 23. Bc2 Rdc8 24. Nb3 R5c7 25. Rh4 Bf8 26. Nfd4 Nc5 27. Na5 Ba8 28. Ka2 Kg7 29. Reh1 Kg8 30. f3 Re8 31. g4 Bg7 32. Re1 g5 33. Rh5 Nd7 1/2-1/2

[Event "Krakow Malopolski-chB"]
[Site "Krakow"]
[Date "2014.04.27"]
[Round "1"]
[White "Tracz, Marcelina"]
[Black "Golenia, Jan"]
[Result "1-0"]
[WhiteElo "1769"]
[BlackElo "1534"]
[PlyCount "133"]
[EventDate "2014.04.27"]
[EventType "swiss"]
[EventRounds "9"]
[EventCountry "POL"]
[SourceTitle "CBM 160 Extra"]
[Source "ChessBase"]
[SourceDate "2014.07.01"]
[SourceVersion "1"]
[SourceVersionDate "2014.07.01"]
[SourceQuality "1"]

1. e4 c5 2. Nf3 d6 3. d4 cxd4 4. Nxd4 Nf6 5. Nc3 a6 6. a4 e6 7. Be2 Bd7 8. f4 Nc6 9. Nb3 b6 10. 0-0 Be7 11. Qe1 0-0 12. Be3 Qc7 13. Qf2 Rfb8 14. Bf3 e5 15. f5 Nb4 16. g4 h6 17. g5 hxg5 18. Bxg5 Bc6 19. Qg2 Nh7 20. Bh6 Bf8 21. Kh1 f6 22. Bh5 Be8 23. Bg6 gxh6 24. Bxe8+ Bg7 25. Bh5 Ra7 26. Rad1 Rd8 27. Nc1 Qc5 28. Nd3 Nxd3 29. Rxd3 Qb4 30. b3 Rad7 31. Nd5 Qa3 32. Nxb6 Rc7 33. Rg1 Qc5 34. Nd5 Rcd7 35. Rg3 Qa7 36. Qd2 Kh8 37. Bg6 Ng5 38. Qg2 Qd4 39. Rg4 Rc8 40. h4 Nxe4 41. Qxe4 Qf2 42. Qg2 Qa7 43. Be8 Rxe8 44. Nxf6 Qxg1+ 45. Qxg1 Bxf6 46. Rg6 Bg7 47. f6 Bxf6 48. Rxf6 Rg7 49. Rxh6+ Rh7 50. Qg6 Ree7 51. Qxd6 Reg7 52. Rxh7+ Kxh7 53. Qxe5 Kh6 54. Qxg7+ Kxg7 55. c4 Kh6 56. c5 Kh5 57. c6 Kxh4 58. c7 Kg4 59. c8Q+ Kf4 60. Qe6 a5 61. Kg2 Kg5 62. Kg3 Kh5 63. Qg4+ Kh6 64. Kf4 Kh7 65. Kf5 Kh8 66. Kf6 Kh7 67. Qg7# 1-0

[Event "POL-chT U19 1st League"]
[Site "Karpacz"]
[Date "2013.07.28"]
[Round "7"]
[White "Cyboran, Katarzyna"]
[Black "Tracz, Marcelina"]
[Result "1/2-1/2"]
[WhiteElo "1763"]
[BlackElo "1709"]
[PlyCount "85"]
[EventDate "2013.07.22"]
[EventType "team-tourn"]
[EventRounds "9"]
[EventCountry "POL"]
[SourceTitle "EXT 2014"]
[Source "ChessBase"]
[SourceDate "2013.11.20"]
[SourceVersion "1"]
[SourceVersionDate "2013.11.20"]
[SourceQuality "1"]
[WhiteTeam "Czarna LKSz GCKiP U19"]
[BlackTeam "Wieliczka MKS MOS U19"]
[WhiteTeamCountry "POL"]
[BlackTeamCountry "POL"]

1. e4 e5 2. d4 exd4 3. Qxd4 Nc6 4. Qe3 Nf6 5. Nc3 Bb4 6. Bd2 0-0 7. 0-0-0 Re8 8. Bc4 d6 9. f3 Ne5 10. Bb3 a5 11. a3 Bc5 12. Qe2 c6 13. g4 Qe7 14. h3 b5 15. f4 Ned7 16. Nf3 b4 17. axb4 axb4 18. Nb1 Nxe4 19. Rde1 d5 20. Ng5 Ndf6 21. Nxe4 Nxe4 22. Qf3 Ba6 23. f5 Qf6 24. Be3 Bd4 25. Bxd4 Qxd4 26. Qe3 Qxe3+ 27. Rxe3 Kf8 28. Rhe1 Nf2 29. Kd2 Rxe3 30. Rxe3 Re8 31. Ba4 Rxe3 32. Kxe3 Nd1+ 33. Kd4 Bb7 34. Kc5 Nxb2 35. Bxc6 Bxc6 36. Kxc6 Nc4 37. c3 bxc3 38. Nxc3 d4 39. Nd1 Ne3 40. Nf2 Nc2 41. Kd5 Ke7 42. Ke5 f6+ 43. Ke4 1/2-1/2

[Event "POL-chT U19 1st League"]
[Site "Karpacz"]
[Date "2013.07.26"]
[Round "5"]
[White "Tracz, Marcelina"]
[Black "Suchanek, Paulina"]
[Result "1-0"]
[WhiteElo "1709"]
[BlackElo "1339"]
[PlyCount "77"]
[EventDate "2013.07.22"]
[EventType "team-tourn"]
[EventRounds "9"]
[EventCountry "POL"]
[SourceTitle "EXT 2014"]
[Source "ChessBase"]
[SourceDate "2013.11.20"]
[SourceVersion "1"]
[SourceVersionDate "2013.11.20"]
[SourceQuality "1"]
[WhiteTeam "Wieliczka MKS MOS U19"]
[BlackTeam "Raciborz KSz Silesia U19"]
[WhiteTeamCountry "POL"]
[BlackTeamCountry "POL"]

1. e4 e6 2. d4 d5 3. exd5 exd5 4. c4 Be6 5. cxd5 Bxd5 6. Nc3 Nc6 7. Be3 Nf6 8. Nf3 Bb4 9. Be2 Ne4 10. Qc2 0-0 11. 0-0 Bxc3 12. bxc3 Nd6 13. Ng5 g6 14. c4 Be6 15. Nxe6 fxe6 16. Rad1 Nf5 17. Bg4 Qh4 18. Bxf5 exf5 19. g3 Qe7 20. Rfe1 Qf7 21. Qc3 Rfe8 22. Bf4 b6 23. d5 Na5 24. Bh6 Rad8 25. Rc1 Rxe1+ 26. Rxe1 c6 27. d6 Rd7 28. c5 Nb7 29. cxb6 axb6 30. Qxc6 g5 31. Bxg5 Nxd6 32. Rd1 Qe6 33. Bf4 Qe2 34. Rxd6 Rxd6 35. Bxd6 Qxa2 36. Qe8+ Kg7 37. Bf8+ Kf6 38. Qe7+ Kg6 39. Qg7+ 1-0

[Event "POL-chT U19 1st League"]
[Site "Karpacz"]
[Date "2013.07.23"]
[Round "2"]
[White "Czaplewska, Klara"]
[Black "Tracz, Marcelina"]
[Result "1/2-1/2"]
[WhiteElo "1689"]
[BlackElo "1709"]
[PlyCount "82"]
[EventDate "2013.07.22"]
[EventType "team-tourn"]
[EventRounds "9"]
[EventCountry "POL"]
[SourceTitle "EXT 2014"]
[Source "ChessBase"]
[SourceDate "2013.11.20"]
[SourceVersion "1"]
[SourceVersionDate "2013.11.20"]
[SourceQuality "1"]
[WhiteTeam "Koszalin Hetman Politechnika U19"]
[BlackTeam "Wieliczka MKS MOS U19"]
[WhiteTeamCountry "POL"]
[BlackTeamCountry "POL"]

1. e4 e5 2. Nf3 Nc6 3. Bb5 a6 4. Ba4 Nf6 5. 0-0 Be7 6. Re1 b5 7. Bb3 d6 8. c3 Na5 9. Bc2 c5 10. d4 Qc7 11. d5 0-0 12. b3 Bd7 13. Nbd2 Rfe8 14. Nf1 g6 15. Be3 Nh5 16. h3 Nb7 17. Qe2 Rec8 18. Rec1 Nd8 19. g4 Ng7 20. Ng3 f6 21. Kg2 Nf7 22. Rh1 c4 23. b4 a5 24. a3 Ra6 25. Nd2 Rca8 26. Rac1 axb4 27. axb4 Qc8 28. f3 Ra3 29. Bb1 h6 30. h4 Qd8 31. Qf1 Kh7 32. Qg1 R8a6 33. Kf2 Qg8 34. Ne2 Qc8 35. Qg3 Bd8 36. Rcg1 Nh8 37. g5 h5 38. gxf6 Bxf6 39. Bg5 Qf8 40. Bxf6 Qxf6 41. Qg5 Ne8 1/2-1/2

[Event "Krakow Malopolski-chB"]
[Site "Krakow"]
[Date "2013.05.03"]
[Round "7"]
[White "Adamczyk, Pawel"]
[Black "Tracz, Marcelina"]
[Result "1/2-1/2"]
[WhiteElo "1645"]
[BlackElo "1711"]
[PlyCount "106"]
[EventDate "2013.04.28"]
[EventType "swiss"]
[EventRounds "9"]
[EventCountry "POL"]
[SourceTitle "CBM 154 Extra"]
[Source "ChessBase"]
[SourceDate "2013.06.25"]
[SourceVersion "2"]
[SourceVersionDate "2013.06.25"]
[SourceQuality "1"]

1. e4 e5 2. Nf3 Nc6 3. Bc4 Bc5 4. 0-0 d6 5. c3 Nf6 6. d4 exd4 7. cxd4 Bb6 8. Nc3 Bg4 9. Be3 0-0 10. Qd2 Ba5 11. Qc2 Qe7 12. Nd2 Rfe8 13. f3 Bd7 14. a3 Bb6 15. Qd3 a6 16. b4 Be6 17. Rfe1 Rad8 18. Bxe6 fxe6 19. d5 exd5 20. Bxb6 cxb6 21. Nxd5 Nxd5 22. Qxd5+ Qe6 23. Qxe6+ Rxe6 24. Nc4 b5 25. Ne3 Ne5 26. Rac1 Rd7 27. Red1 Kf7 28. Kf2 Ke8 29. Rc8+ Kf7 30. Rcc1 Ke8 31. Kg1 g6 32. Kf1 Kd8 33. Ke2 Rc7 34. Rxc7 Kxc7 35. Rc1+ Kd7 36. Rc2 Nc6 37. Rd2 Ne5 38. Kf2 Nc4 39. Rd3 Nxe3 40. Kxe3 Kc6 41. Rc3+ Kd7 42. Kd4 Re8 43. f4 Rf8 44. g3 Rf7 45. Ke3 Re7 46. Rd3 Kc6 47. Rd5 b6 48. Rd2 a5 49. Kd4 axb4 50. axb4 Ra7 51. Rc2+ Kd7 52. Kd5 Ra3 53. Kd4 Rb3 1/2-1/2

[Event "Krakow Malopolski-chB"]
[Site "Krakow"]
[Date "2013.04.29"]
[Round "2"]
[White "Tracz, Marcelina"]
[Black "Bandyk, Sebastian"]
[Result "1-0"]
[WhiteElo "1711"]
[BlackElo "1582"]
[PlyCount "39"]
[EventDate "2013.04.28"]
[EventType "swiss"]
[EventRounds "9"]
[EventCountry "POL"]
[SourceTitle "CBM 154 Extra"]
[Source "ChessBase"]
[SourceDate "2013.06.25"]
[SourceVersion "2"]
[SourceVersionDate "2013.06.25"]
[SourceQuality "1"]

1. e4 c5 2. Nf3 e6 3. d4 cxd4 4. Nxd4 Nc6 5. Be3 Nf6 6. Nc3 Bb4 7. Bd3 d5 8. Nxc6 bxc6 9. e5 d4 10. Bd2 dxc3 11. bxc3 Bc5 12. exf6 Qxf6 13. 0-0 0-0 14. Qh5 h6 15. Qxc5 Rd8 16. Rab1 e5 17. Rfe1 Rd5 18. Qe3 Be6 19. c4 Rd4 20. Bc3 1-0

[Event "POL-ch U18 Girls"]
[Site "Szczyrk"]
[Date "2013.??.??"]
[Round "8"]
[White "Larysz, Anna"]
[Black "Tracz, Marcelina"]
[Result "0-1"]
[WhiteElo "1515"]
[BlackElo "1698"]
[PlyCount "106"]
[EventDate "2013.03.17"]
[EventType "swiss"]
[EventRounds "9"]
[EventCountry "POL"]
[SourceTitle "CBM 153 Extra"]
[Source "ChessBase"]
[SourceDate "2013.04.22"]
[SourceVersion "1"]
[SourceVersionDate "2013.04.22"]
[SourceQuality "1"]

1. d4 d5 2. c4 e6 3. Nf3 Nf6 4. Nc3 c6 5. e3 Nbd7 6. Bd3 Bd6 7. e4 dxe4 8. Nxe4 Nxe4 9. Bxe4 Nf6 10. Bc2 b6 11. 0-0 Bb7 12. Re1 Be7 13. Bg5 h6 14. Bh4 Rc8 15. Qe2 Nh5 16. Bxe7 Qxe7 17. Bb3 0-0 18. d5 cxd5 19. cxd5 Nf4 20. Qd2 Nxd5 21. Bxd5 Rcd8 22. Rad1 Bxd5 23. Qe3 Bxf3 24. Qxf3 Rxd1 25. Rxd1 Rc8 26. Qe2 Qc5 27. g3 Qc2 28. Rd2 Qb1+ 29. Kg2 Qxa2 30. b4 Qc4 31. b5 Qxe2 32. Rxe2 Rc3 33. Rb2 f5 34. f4 Kf7 35. Ra2 Rb3 36. Rxa7+ Kf6 37. Ra8 Rxb5 38. Rf8+ Ke7 39. Rg8 Kf7 40. Rb8 Rb3 41. h3 h5 42. Rh8 g6 43. Rh7+ Kf6 44. Rb7 b5 45. Rb6 b4 46. h4 Rb1 47. Rb7 b3 48. Kf2 b2 49. Kg2 e5 50. Rb6+ Ke7 51. fxe5 Kd7 52. e6+ Ke7 53. Kf2 Rh1 0-1